| Tag |
First Indicator |
Second Indicator |
Subfields |
| LEADER |
00000cam a2200000 4500 |
| 001 |
in00000021011 |
| 005 |
20151007060931.0 |
| 008 |
740613s1940 nyuaf 00010 eng u |
| 010 |
|
|
|a 40027400
|
| 035 |
|
|
|a (OCoLC)00917495
|
| 035 |
|
|
|9 AAD0619AM
|
| 040 |
|
|
|c DRB
|d TXA
|d UtOrBLW
|
| 049 |
|
|
|a TXAM
|c [108953]
|
| 050 |
|
0 |
|a SB139
|b .L3
|
| 082 |
0 |
|
|a 631.58/L373s
|
| 092 |
|
|
|a 631.58
|b L385s
|
| 100 |
1 |
|
|a Laurie, Alex,
|d 1892-1982.
|
| 245 |
1 |
0 |
|a Soilless culture simplified /
|c by Alex Laurie.
|
| 264 |
|
1 |
|a New York,
|a London :
|b Whittlesey house. McGraw-Hill book company, inc.,
|c [1940]
|
| 264 |
|
4 |
|c [©1940]
|
| 300 |
|
|
|a xiii, 201 pages :
|b illustrations, plates. ;
|c 21 cm.
|
| 336 |
|
|
|a text
|b txt
|2 rdacontent
|
| 337 |
|
|
|a unmediated
|b n
|2 rdamedia
|
| 338 |
|
|
|a volume
|b nc
|2 rdacarrier
|
| 490 |
1 |
|
|a Whittlesey house garden series
|
| 650 |
|
0 |
|a Hydroponics.
|
| 650 |
|
0 |
|a Growth (Plants)
|
| 830 |
|
0 |
|a Whittlesey House garden series.
|
| 999 |
|
|
|a MARS
|
| 999 |
f |
f |
|s 1ebb7a5e-7b55-3ba5-9b99-f1a437c0abb4
|i 33e32d0e-883d-3bbc-a67d-c5a00fae66c8
|t 0
|
| 952 |
f |
f |
|p ric
|a Texas A&M University
|b Rellis Campus
|c Joint Library Facility
|d Remote Storage
|t 0
|e SB139 .L3
|h Library of Congress classification
|i unmediated -- volume
|m A14801067670
|
| 998 |
f |
f |
|a SB139 .L3
|t 0
|l Remote Storage
|